00841nam a22002417a 450000500170000001000130001702000100003003500130004003700160005304000120006908200150008110000250009624500660012125000160018726000390020327000490024230000200029165000210031165000340033294200240036699900190039095201900040920170124110035.0 aA-293571 c00.00 aA-293571 bCen Lib/Ret aDPLbEN a338.6bSHA aSharma, G. D9102400 aHow to start your own small scale industry /cby G. D. Sharma a4th rev ed. aDelhibOrient Paperbacks c1986 aMadarsa Road, Kashmiri Gate bDelhie110006 a232p.c21cm(Hb) aProduction99800 aSmall-scale industries919901 2ddccENh338.6mSHA c128131d128131 04104070aLbLd2015-07-01eCen Lib/Ret g0.00l0o338.6 SHApA-293571r2015-07-01 00:00:00t1v0.00w2015-07-01yENzWritten off on approval by DLB (By Circulation); dtd 15-06-2023